Missing Word: 'A' in Video Games Quiz Stats

 Plays Quiz Updated Oct 20, 2019

Score 0/16 Timer 04:00
7 Plays Today
Video game 'A' Word % Correct
Grand Theft ___: Vice CityAuto
95.5%
Dead or ___ 2Alive
94.7%
___ of Empires IIAge
86.2%
___ Creed IV: Black FlagAssassin's
83.3%
Batman: ___ AsylumArkham
71.6%
Sid Meier's ___ CentauriAlpha
62.2%
___ CrossingAnimal
60%
GoldenEye: Rogue ___Agent
47.6%
Video game 'A' Word % Correct
The Legend of Zelda: Link's ___Awakening
44.1%
Command & Conquer: Red ___Alert
43%
Kinect ___!Adventures
40.6%
Marvel Ultimate _____Alliance
33.8%
Uncharted 2: ___ ThievesAmong
31%
The Elder Scrolls: ___Arena
18.7%
___ WarsAdvance
13.6%
Baldur's Gate II: Shadows of ___Amn
9.4%

Today's Daily Dose

Word Ladder
Lean on Me

Get the Picture
Superhero by Villain

You're not logged in!

Compare scores with friends on all Sporcle quizzes.
OR
Log In

Sporcle TV

Today on Sporcle TV


Watch our educational content, quiz creation guides, and fun videos on Sporcle TV.

Show Comments

Extras

Top Quizzes Today


Score Distribution

Your Account Isn't Verified!

In order to create a playlist on Sporcle, you need to verify the email address you used during registration. Go to your Sporcle Settings to finish the process.

Report this User

Report this user for behavior that violates our Community Guidelines.

Details: